| 000 | 00637nam a2200181 a 4500 | ||
|---|---|---|---|
| 001 | 000028242 | ||
| 005 | 20240320074001.0 | ||
| 008 | 110407s1991 dr 000 0 spa d | ||
| 040 |
_aDO-SdBNP _bspa _cBNPHU |
||
| 082 |
_axxx _bC748m |
||
| 111 | 1 |
_aConferencia del Episcopado Dominicano _d1991: nov. 24 _cSanto Domingo _955239 |
|
| 245 | 1 | 0 |
_aMisa : _bsolemnidad de Cristo Rey / _cedición Rafael Bello Peguero, Pbro. |
| 260 |
_aSanto Domingo : _bAmigo del Hogar, _c1991. |
||
| 300 |
_a54 p. ; _c22 cm. |
||
| 500 | _aPrimer congreso Eucaristico nacional, clausura | ||
| 700 | 1 |
_aBello Peguero, Rafael, _d1932-2022 _eed. _92405 |
|
| 049 | _aBNPD | ||
| 999 |
_c27734 _d27734 |
||